Normal view
MARC view
Entry Personal Name
001 - CONTROL NUMBER
- control field: 20265
003 - CONTROL NUMBER IDENTIFIER
- control field: ARRUPE
005 - DATE AND TIME OF LATEST TRANSACTION
- control field: 20151014110610.0
008 - FIXED-LENGTH DATA ELEMENTS
- fixed length control field: 151014|| aca||aabn | a|a d
040 ## - CATALOGING SOURCE
- Original cataloging agency: ARRUPE
- Transcribing agency: ARRUPE
100 ## - HEADING--PERSONAL NAME
- Personal name: Harré, Romano
670 ## - SOURCE DATA FOUND
- Source citation: Work cat.: (ARRUPE)0: Harré, Romano, Matter & method /, c1964.